000 00333nam a2200121Ia 4500
005 20251222154311.0
008 251222s9999||||xx |||||||||||||| ||spa||
020 _a84-7788-150-2
082 _a726.146/P43
100 _a"Peris Sánchez, Diego, coor."
245 0 _aArquitectura para la industria en Castilla - La Mancha
942 _cLIB
999 _c33380
_d33380